Compendio de Tecnología química para estudiantes de Química e Ingeniería / (Record no. 79225)

MARC details
000 -LEADER
campo de control de longitud fija 00672nam a2200181 i 4500
001 - NÚMERO DE CONTROL
campo de control 79225
003 - IDENTIFICADOR DE NÚMERO DE CONTROL
campo de control ES-MaACL
005 - FECHA Y HORA DE LA ÚLTIMA TRANSACCIÓN
campo de control 20230906173930.0
007 - CAMPO FIJO DE DESCRIPCIÓN FÍSICA--INFORMACIÓN GENERAL
campo de control de longitud fija t|
008 - DATOS DE LONGITUD FIJA--INFORMACIÓN GENERAL
campo de control de longitud fija 041020s1951 sp ||||1| spa d
100 1# - ENTRADA PRINCIPAL--NOMBRE DE PERSONA
Nombre de persona Henglein, F. A.
9 (RLIN) 62534
245 10 - MENCIÓN DEL TÍTULO
Título Compendio de Tecnología química para estudiantes de Química e Ingeniería /
Mención de responsabilidad, etc. quinta edición corregida y aumentada por F.A. Henglein.
250 ## - MENCION DE EDICION
Mención de edición 2ª ed. española
Resto de la mención de edición traducida por José Manuel Pertierra.
260 ## - PUBLICACIÓN, DISTRIBUCIÓN, ETC.
Lugar de publicación, distribución, etc. Barcelona :
Nombre del editor, distribuidor, etc. Manuel Marín,
Fecha de publicación, distribución, etc. [1951] (
Fabricante Gráfs. Marina)
300 ## - DESCRIPCIÓN FÍSICA
Extensión 909 p., 2 lám :
Otras características físicas il. ;
Dimensiones 26 cm.
700 1# - ENTRADA AGREGADA--NOMBRE PERSONAL
Nombre de persona Pertierra, José Manuel.
9 (RLIN) 91409
852 ## - LOCALIZACIÓN
Ubicación ES-MaACL
Número de control de estantería E-1409
Sublocalización o colección R.37061
Holdings
Estatus retirado Estado de pérdida Estado de daño No para préstamo Biblioteca de origen Biblioteca actual Ubicación en estantería Fecha de adquisición Fuente de adquisición Total de préstamos Signatura topográfica completa Código de barras Visto por última vez Precio de reemplazo Tipo de ítem Koha
        Biblioteca del Ateneo de Madrid Biblioteca del Ateneo de Madrid Depósito 2 17/01/2008     E-1409 1082852 23/02/2023 23/02/2023 Libro impreso